Protein chemistry
Guardat en:
| Autor principal: | |
|---|---|
| Format: | Llibre |
| Idioma: | anglès |
| Publicat: |
Discovery Publishers
2012
|
| Etiquetes: |
Afegir etiqueta
Sense etiquetes, Sigues el primer a etiquetar aquest registre!
|
MARC
| LEADER | 00000nam a22000007a 4500 | ||
|---|---|---|---|
| 008 | 210125b ||||| |||| 00| 0 eng d | ||
| 020 | |a 978-93-5056-115-7 | ||
| 100 | |a CHATTERJEE, Sananda | ||
| 245 | |a Protein chemistry |c Sananda Chatterjee |g 289p.; ill | ||
| 260 | |b Discovery Publishers |c 2012 |d Books |h New Delhi |i 691691 |i 691692 |l QP551 .C38 |m Proteins – Structure |m Proteins – Analysis |m Amino acid sequences | ||
| 500 | |a “It includes index” | ||
| 942 | |a lcc |c BK |e Adekanye I. H. |f 25/01/2021 | ||
| 952 | |0 0 |1 0 |2 lcc |4 0 |6 QP0551 C38 |7 0 |9 1774 |a HOL |b SL |c QZ |d 2021-01-25 |l 0 |o QP551 .C38 |p 2021-0551 |r 2021-01-25 00:00:00 |w 2021-01-25 |y BK | ||
| 952 | |0 0 |1 0 |2 lcc |4 0 |6 QP0551 C38 |7 0 |9 1775 |a HOL |b HOL |c QZ |d 2021-01-25 |l 0 |o QP551 .C38 |p 2021-0552 |r 2021-01-25 00:00:00 |w 2021-01-25 |y BK | ||
| 999 | |c 938 |d 938 | ||